[Event "Enger Knappen Cup op-B"]
[Site "Enger"]
[Date "2009.12.28"]
[Round "3"]
[White "Baciu, Septimiu"]
[Black "Wiegmann, Dominik"]
[Result "1-0"]
[WhiteElo "1593"]
[BlackElo "1259"]
[PlyCount "55"]
[EventDate "2009.12.27"]
[EventType "swiss"]
[EventRounds "7"]
[EventCountry "GER"]
[SourceTitle "EXT 2011"]
[Source "ChessBase"]
[SourceDate "2010.11.26"]
[SourceVersion "1"]
[SourceVersionDate "2010.11.26"]
[SourceQuality "1"]

1. e4 e5 2. f4 d6 3. Nf3 Nc6 4. Bb5 exf4 5. d4 Bd7 6. Bxf4 a6 7. Ba4 Nf6 8. Nc3 g6 9. Bg5 Qe7 10. 0-0 h6 11. Nd5 Qxe4 12. Nxf6+ Kd8 13. Nxe4+ Kc8 14. Bh4 g5 15. Bg3 Bf5 16. Bxc6 bxc6 17. Qe2 Rb8 18. Qxa6+ Kd7 19. Nf6+ Ke7 20. Ne4 Bxe4 21. Rae1 Rb6 22. Rxe4+ Kd7 23. Qe2 Bg7 24. Nxg5 Bxd4+ 25. Rxd4 hxg5 26. Rxf7+ Kd8 27. Qe7+ Kc8 28. Qxc7# 1-0

[Event "Enger Knappen Cup op-B"]
[Site "Enger"]
[Date "2009.12.27"]
[Round "2"]
[White "Moradi Kahlou, Benjamin"]
[Black "Baciu, Septimiu"]
[Result "1/2-1/2"]
[WhiteElo "1102"]
[BlackElo "1593"]
[PlyCount "43"]
[EventDate "2009.12.27"]
[EventType "swiss"]
[EventRounds "7"]
[EventCountry "GER"]
[SourceTitle "EXT 2011"]
[Source "ChessBase"]
[SourceDate "2010.11.26"]
[SourceVersion "1"]
[SourceVersionDate "2010.11.26"]
[SourceQuality "1"]

1. e4 c5 2. Nf3 d6 3. d4 cxd4 4. Nxd4 Nf6 5. Nc3 a6 6. f3 e5 7. Nb3 Be6 8. Be3 Be7 9. Qd2 Nbd7 10. g4 Nb6 11. 0-0-0 h6 12. h4 Qc7 13. Kb1 Nfd7 14. Nd5 Bxd5 15. exd5 Rc8 16. Bxb6 Nxb6 17. Rc1 Bf6 18. Be2 Qe7 19. Qa5 Qc7 20. c4 Bd8 21. h5 Qd7 22. Qc3 1/2-1/2